| 000 | 01271cam a22003131 4500 | ||
|---|---|---|---|
| 001 | l 24000007 | ||
| 003 | DLC | ||
| 005 | 20260227111529.0 | ||
| 008 | 810320s1923 dcua f000 0 eng c | ||
| 010 | _al 24000007 | ||
| 035 | _a(OCoLC)7243410 | ||
| 040 |
_aU.S. Dept. of Labor. Libr. _cScU _dDLC |
||
| 042 | _apremarc | ||
| 050 | 0 | 0 |
_aHD6093 _b.A35 no. 32 |
| 082 | _a331.406173 | ||
| 110 | 1 |
_aUnited States. _bWomen's Bureau. |
|
| 245 | 1 | 0 |
_aWomen in South Carolina industries; _ba study of hours, wages, and working conditions. |
| 260 |
_aWashington, _bGovt. Print. Off., _c1923. |
||
| 300 |
_av, 128 p. _btables. _c23 cm. |
||
| 490 | 0 |
_aBulletin, _vno. 32 |
|
| 500 | _aAt head of title : U.S. Department of Labor. James J. Davis secretary. Women's Bureau. Mary Anderson, director. | ||
| 500 | _a"The survey was directed by Ethel L. Best. The statistical material was prepared under the direction of Elizabeth A. Hyde, and the report was written by Mary V. Robinson."-Letter of transmittal. | ||
| 650 | 0 |
_aWomen _xEmployment _zSouth Carolina. |
|
| 650 | 0 |
_aHours of labor _zSouth Carolina. |
|
| 650 | 0 |
_aWages _zSouth Carolina. |
|
| 700 | 1 |
_aBest, Ethel L. _q(Ethel Lombard) |
|
| 700 | 1 |
_aHyde, Elizabeth Adshead, _d1876- |
|
| 700 | 1 | _aRobinson, Mary Viola. | |
| 999 |
_c35724 _d35724 |
||